[Event "USA tt"]
[Site "ICC INT"]
[Date "2015.09.29"]
[Round "6"]
[White "Schroer, Jonathan"]
[Black "Benjamin, Joel"]
[Result "0-1"]
[WhiteElo "2349"]
[BlackElo "2545"]
[PlyCount "87"]
[EventDate "2015.08.25"]
[EventType "team-swiss"]
[EventRounds "10"]
[EventCountry "USA"]
[SourceTitle "EXT 2017"]
[Source "ChessBase"]
[SourceDate "2016.10.25"]
[SourceVersion "1"]
[SourceVersionDate "2016.10.25"]
[SourceQuality "1"]
[WhiteTeam "Carolina"]
[BlackTeam "New Jersey"]
[WhiteTeamCountry "USA"]
[BlackTeamCountry "USA"]

1. d4 Nf6 2. c4 e6 3. g3 Bb4+ 4. Bd2 a5 5. Bg2 d6 6. Nf3 Nbd7 7. 0-0 e5 8. Be3 0-0 9. Qc2 c6 10. Rd1 e4 11. a3 exf3 12. Bxf3 c5 13. axb4 cxb4 14. Nd2 Nb6 15. c5 Nbd5 16. Bg5 h6 17. Bxf6 Nxf6 18. cxd6 Qxd6 19. Nc4 Qd8 20. Ne5 Ra6 21. e3 Nd7 22. Nd3 Rf6 23. Bg2 b6 24. Nf4 Rd6 25. Rdc1 Nf6 26. Qc7 Bf5 27. f3 Qxc7 28. Rxc7 g5 29. Ne2 Nd5 30. Rxf7 Kxf7 31. e4 Be6 32. exd5 Bxd5 33. Rd1 Rc8 34. Rd2 Rdc6 35. Kf2 Rc2 36. Ke1 b3 37. Bh3 Rxd2 38. Kxd2 Rc2+ 39. Ke3 Bc4 40. Nc3 Rxc3+ 41. bxc3 a4 42. Kd2 a3 43. Kc1 b2+ 44. Kc2 0-1

[Event "USA tt"]
[Site "ICC INT"]
[Date "2014.08.26"]
[Round "1"]
[White "Studen, Damir"]
[Black "Schroer, Jonathan"]
[Result "1-0"]
[WhiteElo "2264"]
[BlackElo "2354"]
[PlyCount "87"]
[EventDate "2014.08.26"]
[EventType "team-tourn"]
[EventRounds "10"]
[EventCountry "USA"]
[SourceTitle "CBM 162 Extra"]
[Source "ChessBase"]
[SourceDate "2014.10.17"]
[SourceVersion "1"]
[SourceVersionDate "2014.10.17"]
[SourceQuality "1"]
[WhiteTeam "Atlanta"]
[BlackTeam "Carolina"]
[WhiteTeamCountry "USA"]
[BlackTeamCountry "USA"]

1. d4 Nf6 2. Nf3 g6 3. g3 Bg7 4. Bg2 0-0 5. 0-0 d5 6. c4 dxc4 7. Ne5 Nc6 8. Nxc6 bxc6 9. Bxc6 Bh3 10. Re1 Nd5 11. a3 f5 12. Qc2 Nb6 13. e3 Rc8 14. Nd2 Qd6 15. Bf3 c5 16. d5 c3 17. bxc3 Nxd5 18. Bb2 Nb6 19. c4 e5 20. a4 e4 21. Bxg7 Kxg7 22. Be2 Qf6 23. Rab1 Rb8 24. Rb5 Nd7 25. Reb1 a6 26. Rb7 Rxb7 27. Rxb7 Rf7 28. Qb2 Qxb2 29. Rxb2 Ne5 30. f4 exf3 31. Nxf3 Re7 32. Nxe5 Rxe5 33. Kf2 Bg4 34. Bf1 Bd1 35. a5 Re8 36. Rb6 Rd8 37. Rxa6 Bh5 38. g4 Bxg4 39. Rc6 Rd2+ 40. Kg3 Rd1 41. Bg2 g5 42. a6 Ra1 43. Rc7+ Kf6 44. a7 1-0

[Event "USA tt"]
[Site "ICC INT"]
[Date "2013.10.16"]
[Round "8"]
[White "Holt, Conrad"]
[Black "Schroer, Jonathan"]
[Result "1-0"]
[WhiteElo "2539"]
[BlackElo "2359"]
[PlyCount "75"]
[EventDate "2013.08.27"]
[EventType "team-tourn"]
[EventRounds "10"]
[EventCountry "USA"]
[SourceTitle "EXT 2014"]
[Source "ChessBase"]
[SourceDate "2013.11.20"]
[SourceVersion "1"]
[SourceVersionDate "2013.11.20"]
[SourceQuality "1"]
[WhiteTeam "Dallas"]
[BlackTeam "Carolina"]
[WhiteTeamCountry "USA"]
[BlackTeamCountry "USA"]

1. d4 Nf6 2. c4 e6 3. Nc3 Bb4 4. Qc2 0-0 5. e4 d5 6. e5 Ne4 7. Bd3 c5 8. Nf3 cxd4 9. Nxd4 Nd7 10. Bf4 Qh4 11. g3 Qh3 12. 0-0-0 Nxc3 13. bxc3 Ba3+ 14. Kb1 Nb6 15. Bf1 Qh5 16. Be2 Qg6 17. Bd3 Qh5 18. Be2 Qg6 19. Bd3 Qh5 20. g4 Qxg4 21. Qd2 Nxc4 22. Bxc4 dxc4 23. Rhg1 Qh4 24. Bg5 Qh5 25. Bf6 g6 26. f3 Re8 27. Rg5 Qh6 28. Nb5 Qf8 29. Nc7 Rb8 30. Nxe8 b5 31. Qd8 b4 32. Qd6 Bb7 33. Qxb8 Bxf3 34. Bg7 Qc5 35. Bh6 Be4+ 36. Ka1 Bb2+ 37. Kxb2 bxc3+ 38. Ka1 1-0

[Event "USA tt"]
[Site "ICC INT"]
[Date "2013.09.11"]
[Round "3"]
[White "Schroer, Jonathan"]
[Black "Kraai, Jesse"]
[Result "0-1"]
[WhiteElo "2359"]
[BlackElo "2514"]
[PlyCount "128"]
[EventDate "2013.08.27"]
[EventType "team-tourn"]
[EventRounds "10"]
[EventCountry "USA"]
[SourceTitle "CBM 156 Extra"]
[Source "ChessBase"]
[SourceDate "2013.10.22"]
[SourceVersion "1"]
[SourceVersionDate "2013.10.22"]
[SourceQuality "1"]
[WhiteTeam "Carolina"]
[BlackTeam "San Francisco"]
[WhiteTeamCountry "USA"]
[BlackTeamCountry "USA"]

1. d4 Nf6 2. c4 e6 3. Nf3 b6 4. g3 Ba6 5. Qb3 Nc6 6. Nbd2 Na5 7. Qc3 c5 8. dxc5 bxc5 9. e4 d6 10. a3 Bb7 11. b4 Nc6 12. b5 Ne5 13. Nxe5 dxe5 14. Bg2 Bd6 15. 0-0 Bc7 16. Qc2 0-0 17. Nb3 Bd6 18. a4 Qc7 19. a5 a6 20. b6 Qe7 21. Rd1 Rfd8 22. Bg5 h6 23. Bxf6 Qxf6 24. Rd3 Bf8 25. Rad1 Rxd3 26. Qxd3 Bc6 27. Qe3 Qe7 28. h4 g6 29. Bf3 Kg7 30. Qc3 Qf6 31. Kg2 h5 32. Nc1 Rc8 33. Nd3 Bd6 34. Nf4 Bb8 35. Ne2 Qe7 36. Nc1 f6 37. Nd3 Bd6 38. Re1 Qb7 39. Kg1 Bf8 40. Bg2 Rd8 41. Nc1 Qd7 42. Bf3 Qd2 43. Ne2 Rd3 44. Qxd2 Rxd2 45. Rb1 Bb7 46. Kg2 Kf7 47. Nc3 Ke8 48. Nb5 Bh6 49. Nc7+ Kd7 50. Rb3 Bf8 51. Nxa6 Bxa6 52. b7 Bd6 53. Rb6 Bxb7 54. Rxb7+ Bc7 55. Rb5 Kc6 56. g4 hxg4 57. Bxg4 Kd6 58. Rb7 f5 59. Bf3 Bxa5 60. Rg7 Bd8 61. Rxg6 Bxh4 62. exf5 Rxf2+ 63. Kh3 Rxf3+ 64. Kxh4 Rxf5 0-1

[Event "USA tt"]
[Site "ICC INT"]
[Date "2012.10.24"]
[Round "8"]
[White "Akobian, Varuzhan"]
[Black "Schroer, Jonathan"]
[Result "1-0"]
[WhiteElo "2624"]
[BlackElo "2353"]
[PlyCount "73"]
[EventDate "2012.09.04"]
[EventType "team-tourn"]
[EventRounds "10"]
[EventCountry "USA"]
[SourceTitle "EXT 2013"]
[Source "ChessBase"]
[SourceDate "2012.11.22"]
[SourceVersion "1"]
[SourceVersionDate "2012.11.22"]
[SourceQuality "1"]
[WhiteTeam "Seattle"]
[BlackTeam "Carolina"]
[WhiteTeamCountry "USA"]
[BlackTeamCountry "USA"]

1. d4 Nf6 2. c4 e6 3. Nf3 d5 4. Nc3 Be7 5. Bf4 0-0 6. e3 Nbd7 7. c5 c6 8. h3 b6 9. b4 a5 10. a3 Ba6 11. Bxa6 Rxa6 12. 0-0 Qc8 13. Rb1 axb4 14. axb4 Qb7 15. Qc2 Rc8 16. Rfc1 b5 17. Ra1 Rca8 18. Qb2 Bd8 19. Nd2 Bc7 20. Rxa6 Rxa6 21. Bxc7 Qxc7 22. Ra1 Rxa1+ 23. Qxa1 e5 24. Qa8+ Nb8 25. Nf3 exd4 26. Nxd4 Nfd7 27. f4 g6 28. g4 Nf8 29. Nce2 Kg7 30. Kf2 h6 31. h4 g5 32. Nf5+ Kh7 33. Qa1 Ne6 34. Qf6 gxf4 35. Nxf4 d4 36. Qxh6+ Kg8 37. Nxd4 1-0

[Event "USA tt"]
[Site "ICC INT"]
[Date "2012.10.18"]
[Round "7"]
[White "Schroer, Jonathan"]
[Black "Finegold, Benjamin"]
[Result "1/2-1/2"]
[WhiteElo "2353"]
[BlackElo "2493"]
[PlyCount "70"]
[EventDate "2012.09.04"]
[EventType "team-tourn"]
[EventRounds "10"]
[EventCountry "USA"]
[SourceTitle "EXT 2013"]
[Source "ChessBase"]
[SourceDate "2012.11.22"]
[SourceVersion "1"]
[SourceVersionDate "2012.11.22"]
[SourceQuality "1"]
[WhiteTeam "Carolina"]
[BlackTeam "St Louis"]
[WhiteTeamCountry "USA"]
[BlackTeamCountry "USA"]

1. d4 d5 2. c4 Nc6 3. Nc3 Nf6 4. Nf3 dxc4 5. e3 Bg4 6. Bxc4 e6 7. h3 Bh5 8. Bb5 Bd6 9. e4 Nd7 10. Be3 0-0 11. a3 e5 12. g4 Bg6 13. Bxc6 bxc6 14. 0-0 Re8 15. dxe5 Nxe5 16. Nxe5 Rxe5 17. Bf4 Re6 18. Bxd6 Rxd6 19. Qa4 Qh4 20. Kg2 h5 21. e5 Rd3 22. Rh1 Rad8 23. Rad1 Rd2 24. Qf4 Be4+ 25. Nxe4 Rxd1 26. Rxd1 Rxd1 27. Ng5 Rd7 28. Qf5 hxg4 29. e6 gxh3+ 30. Kh2 fxe6 31. Qxe6+ Kf8 32. Qf5+ Kg8 33. Qe6+ Kf8 34. Qf5+ Ke8 35. Qe6+ Kf8 1/2-1/2

[Event "USA tt"]
[Site "ICC INT"]
[Date "2011.09.26"]
[Round "5"]
[White "Benjamin, Joel"]
[Black "Schroer, Jonathan"]
[Result "1-0"]
[WhiteElo "2552"]
[BlackElo "2359"]
[PlyCount "93"]
[EventDate "2011.08.29"]
[EventType "team-tourn"]
[EventRounds "10"]
[EventCountry "USA"]
[SourceTitle "CBM 144 Extra"]
[Source "ChessBase"]
[SourceDate "2011.10.28"]
[SourceVersion "1"]
[SourceVersionDate "2011.10.28"]
[SourceQuality "1"]
[WhiteTeam "New Jersey"]
[BlackTeam "Carolina Cobras"]
[WhiteTeamCountry "USA"]
[BlackTeamCountry "USA"]

1. e4 d5 2. exd5 Qxd5 3. Nc3 Qa5 4. Bc4 c6 5. Qe2 Bf5 6. d3 Nf6 7. Bd2 Qc7 8. h3 e6 9. g4 Bg6 10. f4 Be7 11. Nf3 Nbd7 12. 0-0-0 b5 13. Bb3 a5 14. Rde1 Nc5 15. f5 exf5 16. Nd4 0-0-0 17. gxf5 Rxd4 18. fxg6 Nxb3+ 19. axb3 Bb4 20. Qf2 Rd7 21. gxf7 Rxf7 22. Rhf1 Rhf8 23. Qg2 Bxc3 24. Bxc3 Nd5 25. Rxf7 Rxf7 26. Re8+ Kd7 27. Re4 Kc8 28. Re8+ Kd7 29. Re4 Kc8 30. Be5 Qd7 31. Bh2 Qf5 32. Re1 Kb7 33. Bg1 g5 34. Kb1 h5 35. Qd2 b4 36. Ka2 Qf4 37. Qg2 a4 38. Re4 Qc1 39. bxa4 Rf1 40. Bd4 Rd1 41. Qf2 Rd2 42. Qf7+ Nc7 43. Be5 Qxc2 44. Qxc7+ Ka6 45. Qc8+ Ka5 46. Bc7+ Kxa4 47. Qa6# 1-0

[Event "USA tt"]
[Site "ICC INT"]
[Date "2011.09.06"]
[Round "2"]
[White "Erenburg, Sergey"]
[Black "Schroer, Jonathan"]
[Result "1/2-1/2"]
[WhiteElo "2616"]
[BlackElo "2359"]
[PlyCount "66"]
[EventDate "2011.08.29"]
[EventType "team-tourn"]
[EventRounds "10"]
[EventCountry "USA"]
[SourceTitle "CBM 144 Extra"]
[Source "ChessBase"]
[SourceDate "2011.10.28"]
[SourceVersion "1"]
[SourceVersionDate "2011.10.28"]
[SourceQuality "1"]
[WhiteTeam "Philadelphia Inventors"]
[BlackTeam "Carolina Cobras"]
[WhiteTeamCountry "USA"]
[BlackTeamCountry "USA"]

1. e4 c6 2. d4 d5 3. e5 c5 4. dxc5 Nc6 5. Nf3 Bg4 6. c3 e6 7. Be3 Bxf3 8. Qxf3 Nxe5 9. Bb5+ Nc6 10. 0-0 Nf6 11. c4 Be7 12. Nc3 0-0 13. Rfd1 Qa5 14. a3 dxc4 15. Bxc4 Ne5 16. Qe2 Nxc4 17. Qxc4 Rfc8 18. b4 Qc7 19. Rac1 a5 20. b5 Bxc5 21. Bxc5 b6 22. Na4 bxc5 23. b6 Qb7 24. Qb5 Nd5 25. Rxc5 Rxc5 26. Qxc5 Rc8 27. Qb5 h5 28. Rb1 Nf4 29. Qf1 Rc4 30. Nb2 Rc6 31. Na4 Rc4 32. Nb2 Rc6 33. Na4 Rc4 1/2-1/2

[Event "USA tt"]
[Site "ICC INT"]
[Date "2010.10.11"]
[Round "8"]
[White "Schroer, Jonathan"]
[Black "Christiansen, Larry Mark"]
[Result "0-1"]
[WhiteElo "2361"]
[BlackElo "2585"]
[PlyCount "192"]
[EventDate "2010.08.23"]
[EventType "team"]
[EventRounds "10"]
[EventCountry "USA"]
[SourceTitle "CBM 138 Extra"]
[Source "ChessBase"]
[SourceDate "2010.10.29"]
[SourceVersion "1"]
[SourceVersionDate "2010.10.29"]
[SourceQuality "1"]

1. d4 Nf6 2. c4 e6 3. Nf3 c5 4. d5 exd5 5. cxd5 d6 6. Nc3 g6 7. e4 Bg7 8. Bg5 h6 9. Bh4 a6 10. Nd2 b5 11. Qc2 g5 12. Bg3 Nh5 13. a4 b4 14. Nd1 0-0 15. Ne3 Ra7 16. Bd3 Nf4 17. Ndc4 f5 18. exf5 Nd7 19. 0-0 Nf6 20. a5 Re7 21. Nb6 Bb7 22. Rfd1 Kh8 23. Bc4 Qe8 24. Bf1 Ne4 25. Bd3 b3 26. Qxb3 Nxf2 27. Bxf2 Rxe3 28. Bxe3 Qxe3+ 29. Kh1 Nh3 30. Rd2 Qxd2 31. gxh3 Re8 32. Qc2 Qe3 33. Rf1 Qxh3 34. Bc4 Bf6 35. Qg2 Qh4 36. b3 Re7 37. Qf2 Qh5 38. Qf3 Qe8 39. Qg3 Re5 40. Qh3 Kg7 41. Qg2 Re3 42. Rf2 Re1+ 43. Rf1 Re5 44. Rf2 Re1+ 45. Rf1 Rxf1+ 46. Bxf1 Qe1 47. Qf3 h5 48. Qe2 Qb1 49. Qd3 Qa1 50. Kg2 Qxa5 51. Nc4 Qa2+ 52. Nd2 Qb2 53. Be2 Qc3 54. Ne4 Qxd3 55. Bxd3 Bxd5 56. Kf1 Bxe4 57. Bxe4 g4 58. Kg2 h4 59. Bd3 a5 60. Be2 Kh6 61. Bxg4 Kg5 62. h3 Kf4 63. Kf2 Ke4 64. Ke1 Kd3 65. Bf3 Kc3 66. Bd5 Kd4 67. Be6 Ke3 68. Bf7 Kf4 69. Bh5 Kxf5 70. Kd2 Ke4 71. Be8 Kd4 72. Bc6 c4 73. bxc4 Kxc4 74. Kc2 Bc3 75. Be8 Kb4 76. Bf7 a4 77. Be6 Be5 78. Bf7 Bf6 79. Be6 Kc5 80. Bd7 a3 81. Kb3 Bb2 82. Be6 d5 83. Bf7 Kd4 84. Bg8 Ke4 85. Bf7 d4 86. Kc2 Ke3 87. Bc4 Ke4 88. Kd2 Bc3+ 89. Ke2 Bb4 90. Bg8 d3+ 91. Kd1 Kd4 92. Bf7 Kc3 93. Kc1 d2+ 94. Kd1 Kb2 95. Bg8 a2 96. Bxa2 Kxa2 0-1

[Event "USA tt"]
[Site "ICC INT"]
[Date "2009.11.04"]
[Round "10"]
[White "Smith, Bryan G"]
[Black "Schroer, Jonathan"]
[Result "1-0"]
[WhiteElo "2467"]
[BlackElo "2354"]
[PlyCount "131"]
[EventDate "2009.08.31"]
[EventType "team (rapid)"]
[EventRounds "10"]
[EventCountry "USA"]
[SourceTitle "EXT 2010"]
[Source "ChessBase"]
[SourceDate "2010.11.25"]
[SourceVersion "1"]
[SourceVersionDate "2010.11.25"]
[SourceQuality "1"]

1. e4 e5 2. Nf3 Nc6 3. Bb5 a6 4. Ba4 Nf6 5. 0-0 Be7 6. Re1 b5 7. Bb3 d6 8. c3 0-0 9. d4 Bg4 10. Be3 Na5 11. dxe5 Bxf3 12. Qxf3 dxe5 13. Bc2 Nc4 14. Bc1 Nd7 15. Rd1 Nd6 16. Nd2 Bg5 17. Nf1 Bxc1 18. Raxc1 Qf6 19. Qxf6 Nxf6 20. f3 Rfd8 21. Ne3 Kf8 22. Kf2 h5 23. Bb3 Rab8 24. Ke2 Nfe8 25. Rd5 f6 26. Rcd1 c6 27. R5d2 g6 28. c4 Ke7 29. cxb5 axb5 30. Rc2 Rdc8 31. Rdc1 Kd7 32. Rd2 Ke7 33. Rdc2 Kd7 34. g3 Rc7 35. Ng2 Ng7 36. Ke3 Re8 37. Rd2 Ne6 38. Nh4 Nd4 39. Nxg6 c5 40. Bd5 c4 41. f4 Kc8 42. fxe5 fxe5 43. Nxe5 N4f5+ 44. exf5 Rxe5+ 45. Kd4 Re8 46. Be6+ Kb7 47. Ke5 Nf7+ 48. Kf4 Nd8 49. Bd5+ Kb6 50. a4 Rf8 51. axb5 Kxb5 52. Rdc2 Rc5 53. Bxc4+ Kb4 54. Bd3 Ne6+ 55. Ke3 Re5+ 56. Kd2 Ng5 57. Rc4+ Ka5 58. Rc5+ Rxc5 59. Rxc5+ Kb4 60. Rb5+ Ka4 61. b3+ Ka3 62. Kc3 Rc8+ 63. Bc4 Ne4+ 64. Kd4 Nd6 65. Ra5+ Kb2 66. Rd5 1-0

[Event "USA tt"]
[Site "ICC INT"]
[Date "2009.09.28"]
[Round "5"]
[White "Becerra Rivero, Julio"]
[Black "Schroer, Jonathan"]
[Result "1/2-1/2"]
[WhiteElo "2557"]
[BlackElo "2354"]
[PlyCount "64"]
[EventDate "2009.08.31"]
[EventType "team (rapid)"]
[EventRounds "10"]
[EventCountry "USA"]
[SourceTitle "CBM 132 Extra"]
[Source "ChessBase"]
[SourceDate "2009.11.03"]
[SourceVersion "1"]
[SourceVersionDate "2009.11.03"]
[SourceQuality "1"]

1. e4 e5 2. Nf3 Nc6 3. Bb5 a6 4. Ba4 Nf6 5. 0-0 Be7 6. Re1 b5 7. Bb3 0-0 8. d4 Nxd4 9. Nxd4 exd4 10. e5 Ne8 11. c3 dxc3 12. Nxc3 d6 13. Bd5 Rb8 14. Be3 Bb7 15. Ba7 Ra8 16. Bxb7 Rxa7 17. Bc6 dxe5 18. Rxe5 Qd6 19. Rxe7 Qxc6 20. Qd5 Qb6 21. Ne4 Nf6 22. Qc5 Qxc5 23. Nxc5 Rd8 24. h3 a5 25. a4 bxa4 26. Rxa4 Nd5 27. Rd4 Raa8 28. Re1 c6 29. Rc1 Nb4 30. Rxd8+ Rxd8 31. Nb7 Rd2 32. Nxa5 Rxb2 1/2-1/2

[Event "USA tt"]
[Site "ICC INT"]
[Date "2009.09.21"]
[Round "4"]
[White "Schroer, Jonathan"]
[Black "Vovsha, Eli"]
[Result "1/2-1/2"]
[WhiteElo "2354"]
[BlackElo "2484"]
[PlyCount "127"]
[EventDate "2009.08.31"]
[EventType "team (rapid)"]
[EventRounds "10"]
[EventCountry "USA"]
[SourceTitle "CBM 132 Extra"]
[Source "ChessBase"]
[SourceDate "2009.11.03"]
[SourceVersion "1"]
[SourceVersionDate "2009.11.03"]
[SourceQuality "1"]

1. d4 d6 2. Nf3 Bg4 3. c4 Bxf3 4. exf3 Nd7 5. Nc3 g6 6. Be2 Bg7 7. 0-0 Ngf6 8. d5 0-0 9. Be3 c6 10. Qb3 cxd5 11. cxd5 Qa5 12. Qxb7 Rfb8 13. Qc6 Ne5 14. Qa6 Qxa6 15. Bxa6 Rxb2 16. Rab1 Rc2 17. Rfc1 Rxc1+ 18. Rxc1 Ned7 19. Ne4 Nxe4 20. fxe4 Rb8 21. Rc8+ Rxc8 22. Bxc8 Nc5 23. Bxc5 dxc5 24. Ba6 g5 25. Kf1 Bd4 26. Ke2 Kg7 27. g3 g4 28. Bc8 h5 29. h3 gxh3 30. Bxh3 c4 31. f4 c3 32. e5 Bf2 33. d6 exd6 34. exd6 Bxg3 35. d7 Bh4 36. Kd3 Bf6 37. Bf5 h4 38. a4 Kf8 39. d8Q+ Bxd8 40. Kxc3 Bc7 41. Kd4 Bxf4 42. Ke4 Bg3 43. a5 Ke7 44. Kf3 Kf6 45. Bh3 Ke5 46. Bf1 f5 47. a6 Kd4 48. Bh3 Ke5 49. Bf1 Be1 50. Bh3 Ba5 51. Bf1 Bc7 52. Bh3 Bd6 53. Bf1 Kd4 54. Bh3 Ke5 55. Bf1 Kd4 56. Bh3 f4 57. Bf1 Kc3 58. Ke2 Kc2 59. Kf3 Kd2 60. Bh3 Ke1 61. Bg2 Kd2 62. Bh3 Kd3 63. Bf1+ Kd4 64. Bh3 1/2-1/2

[Event "USA tt"]
[Site "ICC INT"]
[Date "2009.09.08"]
[Round "2"]
[White "Perelshteyn, Eugene"]
[Black "Schroer, Jonathan"]
[Result "1-0"]
[WhiteElo "2534"]
[BlackElo "2354"]
[PlyCount "63"]
[EventDate "2009.08.31"]
[EventType "team (rapid)"]
[EventRounds "10"]
[EventCountry "USA"]
[SourceTitle "CBM 132 Extra"]
[Source "ChessBase"]
[SourceDate "2009.11.03"]
[SourceVersion "1"]
[SourceVersionDate "2009.11.03"]
[SourceQuality "1"]

1. d4 d5 2. c4 c6 3. Nc3 Nf6 4. e3 a6 5. Nf3 b5 6. c5 Bg4 7. h3 Bxf3 8. gxf3 e5 9. dxe5 Nfd7 10. f4 Nxc5 11. b4 Na4 12. Nxa4 Bxb4+ 13. Ke2 bxa4 14. Qxa4 Be7 15. Rb1 0-0 16. Rg1 Qc8 17. Qc2 Nd7 18. h4 Qc7 19. h5 Nc5 20. f5 Ne4 21. f6 Qxe5 22. Rxg7+ Kh8 23. fxe7 Rfb8 24. Rxb8+ Rxb8 25. Rxf7 Qxh5+ 26. Rf3 Ng5 27. Qf5 Qxf3+ 28. Qxf3 Nxf3 29. Kxf3 Kg7 30. Bh3 Kf7 31. Ba3 Rb7 32. Kf4 1-0

[Event "USA tt"]
[Site "ICC INT"]
[Date "2008.10.06"]
[Round "7"]
[White "Schroer, Jonathan"]
[Black "Enkhbat, Tegshsuren"]
[Result "1-0"]
[WhiteElo "2354"]
[BlackElo "2401"]
[PlyCount "59"]
[EventDate "2008.10.22"]
[EventType "team"]
[EventRounds "10"]
[EventCountry "USA"]
[SourceTitle "CBM 126 Extra"]
[Source "ChessBase"]
[SourceDate "2008.11.05"]
[SourceVersion "1"]
[SourceVersionDate "2008.11.05"]
[SourceQuality "1"]

1. e4 c6 2. c4 d5 3. exd5 cxd5 4. cxd5 Nf6 5. Nc3 Nxd5 6. Nf3 Nc6 7. Bb5 e6 8. 0-0 Be7 9. d4 Bd7 10. Re1 0-0 11. Bd3 Ncb4 12. Bb1 Rc8 13. a3 Nxc3 14. bxc3 Nc6 15. Qd3 g6 16. Bh6 Re8 17. Ba2 Bf8 18. Qd2 Bg7 19. Bxg7 Kxg7 20. Re4 Qa5 21. Rae1 h5 22. Qb2 Qb6 23. Qa1 Kg8 24. c4 Qd8 25. d5 exd5 26. Rxe8+ Bxe8 27. cxd5 Ne7 28. Ng5 Rc2 29. Ne4 Qb6 30. d6 1-0

[Event "USA tt"]
[Site "ICC INT"]
[Date "2008.09.08"]
[Round "3"]
[White "Enkhbat, Tegshsuren"]
[Black "Schroer, Jonathan"]
[Result "1/2-1/2"]
[WhiteElo "2401"]
[BlackElo "2354"]
[PlyCount "64"]
[EventDate "2008.10.22"]
[EventType "team"]
[EventRounds "10"]
[EventCountry "USA"]
[SourceTitle "CBM 126 Extra"]
[Source "ChessBase"]
[SourceDate "2008.11.05"]
[SourceVersion "1"]
[SourceVersionDate "2008.11.05"]
[SourceQuality "1"]

1. d4 d5 2. c4 e6 3. Nf3 Nf6 4. g3 dxc4 5. Bg2 Nc6 6. Qa4 Bb4+ 7. Bd2 Nd5 8. Bxb4 Ndxb4 9. Na3 Rb8 10. Ne5 Bd7 11. Qb5 Nxe5 12. Qxe5 0-0 13. Qc5 Bc6 14. Bxc6 Nxc6 15. 0-0-0 Qd5 16. Qxc4 Rfd8 17. Qxd5 exd5 18. e3 Ne7 19. Nc2 Nf5 20. Ne1 Nd6 21. Nd3 h5 22. b3 g6 23. Nc5 a5 24. Rhe1 Kg7 25. Re2 Re8 26. Rc2 Re7 27. a4 c6 28. Nd3 Rbe8 29. Rc5 Ra8 30. Rc2 Rae8 31. Rc5 Ra8 32. Rc2 Rae8 1/2-1/2

[Event "USA tt"]
[Site "ICC INT"]
[Date "2007.09.26"]
[Round "5"]
[White "Mikhailuk, Slava"]
[Black "Schroer, Jonathan"]
[Result "0-1"]
[WhiteElo "2446"]
[BlackElo "2354"]
[PlyCount "74"]
[EventDate "2007.08.29"]
[EventType "team"]
[EventRounds "10"]
[EventCountry "USA"]
[SourceTitle "CBM 120 Extra"]
[Source "ChessBase"]
[SourceDate "2007.11.01"]
[SourceVersion "1"]
[SourceVersionDate "2007.11.01"]
[SourceQuality "1"]

1. Nf3 d5 2. g3 Nf6 3. Bg2 c6 4. b3 a5 5. 0-0 Bg4 6. Bb2 Nbd7 7. d3 e6 8. Nbd2 Be7 9. e4 0-0 10. a4 Ne8 11. Qe2 f5 12. exd5 exd5 13. Rae1 Bb4 14. c3 Bd6 15. h3 Bh5 16. d4 Kh8 17. Qd3 f4 18. Ne5 Nc7 19. Ndf3 Nf6 20. g4 Be8 21. c4 Na6 22. c5 Nb4 23. Qe2 Bxe5 24. dxe5 Ne4 25. Nd4 Bg6 26. Ne6 Qh4 27. Nxf8 Rxf8 28. e6 f3 29. e7 Qxe7 30. Bxf3 Qxc5 31. h4 Nd3 32. Qxd3 Ng5 33. Qe3 Nxf3+ 34. Kh1 Qd6 35. Be5 Qd7 36. Rg1 Be4 37. Qc3 Nxe1+ 0-1

[Event "USA tt"]
[Site "ICC INT"]
[Date "2007.09.10"]
[Round "3"]
[White "Schroer, Jonathan"]
[Black "Lugo, Blas"]
[Result "1-0"]
[WhiteElo "2354"]
[BlackElo "2426"]
[PlyCount "71"]
[EventDate "2007.08.29"]
[EventType "team"]
[EventRounds "10"]
[EventCountry "USA"]
[SourceTitle "CBM 120 Extra"]
[Source "ChessBase"]
[SourceDate "2007.11.01"]
[SourceVersion "1"]
[SourceVersionDate "2007.11.01"]
[SourceQuality "1"]

1. d4 d5 2. c4 c6 3. Nf3 Nf6 4. Nc3 e6 5. Bg5 dxc4 6. e4 b5 7. e5 h6 8. Bh4 g5 9. Nxg5 hxg5 10. Bxg5 Be7 11. exf6 Bxf6 12. Be3 Nd7 13. Qf3 Bb7 14. Ne4 Be7 15. 0-0-0 Nf6 16. Nc5 Bxc5 17. dxc5 Nd5 18. g3 Qa5 19. Bd4 Rf8 20. a3 0-0-0 21. h4 Ba6 22. Bc3 Qa4 23. Be2 Qb3 24. Rxd5 Rxd5 25. Kb1 Rfd8 26. h5 Kb7 27. h6 Rf5 28. Qe3 b4 29. axb4 Rd3 30. Qc1 Rxf2 31. h7 Rxe2 32. h8Q Bb5 33. Qe8 Ba4 34. Rh8 Rxb2+ 35. Bxb2 c3 36. Qc8# 1-0

[Event "Oz.com qual blitz"]
[Site "ICC INT"]
[Date "2000.03.05"]
[Round "5"]
[White "Grischuk, Alexander"]
[Black "Schroer, Jonathan"]
[Result "1-0"]
[WhiteElo "2581"]
[BlackElo "2350"]
[PlyCount "77"]
[EventDate "2000.03.05"]
[EventType "swiss (blitz)"]
[EventRounds "9"]
[EventCountry "USA"]
[SourceTitle "EXT 2001"]
[Source "ChessBase"]
[SourceDate "2000.11.22"]
[SourceVersion "1"]
[SourceVersionDate "2000.11.22"]
[SourceQuality "1"]

1. e4 c5 2. Nf3 d6 3. d4 cxd4 4. Nxd4 Nf6 5. Nc3 a6 6. f3 Qb6 7. Nb3 e6 8. Qe2 Nc6 9. Be3 Qc7 10. 0-0-0 b5 11. g4 Ne5 12. g5 Nfd7 13. f4 Nc4 14. Bd4 Bb7 15. f5 Nde5 16. fxe6 fxe6 17. a3 Be7 18. Qh5+ g6 19. Qh6 Nf7 20. Qh3 Nxg5 21. Qg4 e5 22. Bg1 Nxa3 23. h4 Nf7 24. Bd3 Rc8 25. Rh2 Nc4 26. Nd5 Bxd5 27. exd5 a5 28. h5 Bg5+ 29. Kb1 gxh5 30. Rxh5 a4 31. Rxg5 Nxg5 32. Qxg5 axb3 33. cxb3 Qe7 34. Qg4 Qd7 35. Bf5 Qc7 36. Bxc8 Na5 37. Rc1 Qe7 38. Be6 Nc4 39. bxc4 1-0

[Event "Oz.com qual blitz"]
[Site "ICC INT"]
[Date "2000.03.05"]
[Round "2"]
[White "Schroer, Jonathan"]
[Black "Macieja, Bartlomiej"]
[Result "1-0"]
[WhiteElo "2350"]
[BlackElo "2538"]
[PlyCount "121"]
[EventDate "2000.03.05"]
[EventType "swiss (blitz)"]
[EventRounds "9"]
[EventCountry "USA"]
[SourceTitle "EXT 2001"]
[Source "ChessBase"]
[SourceDate "2000.11.22"]
[SourceVersion "1"]
[SourceVersionDate "2000.11.22"]
[SourceQuality "1"]

1. d4 Nf6 2. c4 e6 3. g3 Bb4+ 4. Bd2 Qe7 5. Bg2 Nc6 6. Nf3 Bxd2+ 7. Nbxd2 d6 8. e4 a5 9. 0-0 e5 10. d5 Nb8 11. Ne1 h5 12. Nef3 c6 13. c5 dxc5 14. Nc4 0-0 15. Ncxe5 Bg4 16. Nxg4 hxg4 17. Nh4 Qe5 18. Rc1 cxd5 19. Rxc5 b6 20. Rb5 Qe8 21. Rxb6 Nbd7 22. Rb3 dxe4 23. Nf5 Qe5 24. Nd6 Nc5 25. Rb5 Rad8 26. Nc4 Qe8 27. Rxc5 Rxd1 28. Rxd1 a4 29. Nd6 Qe6 30. Nc4 Rc8 31. Rxc8+ Qxc8 32. b3 axb3 33. axb3 g6 34. Ra1 Qc5 35. Ne3 Kg7 36. Rb1 Qb4 37. Nc2 Qd2 38. Ne3 Qa2 39. Re1 Qxb3 40. h3 gxh3 41. Bxh3 Nd5 42. Nxd5 Qxd5 43. Bg2 f5 44. g4 Qd2 45. Kf1 Kf6 46. gxf5 gxf5 47. Re3 Qd1+ 48. Re1 Qd3+ 49. Kg1 Kg5 50. Re3 Qd1+ 51. Kh2 Qh5+ 52. Kg1 Qd1+ 53. Kh2 Kf6 54. Ra3 Qd6+ 55. Rg3 f4 56. Rh3 f3+ 57. Kg1 Qd1+ 58. Bf1 Qe1 59. Rg3 Ke5 60. Rg8 Qa5 61. Rg5+ 1-0